Geography Quiz

Random Geography or Color Quiz

Most Coloured Flags: Europe Quiz Stats

 Plays Quiz not verified by Sporcle

Challenge
Share
Tweet
Embed
Score 0/11 Timer 03:00
0 Plays Today
number of colours Country % Correct
2 + 5Spain
85.8%
2 + 3Portugal
83.2%
3 + 3Andorra
77.7%
3 + 1Serbia
76.5%
3 + 1Slovenia
76.2%
3 + 3Croatia
71.7%
3 + 3Moldova
71.3%
2 + 3San Marino
69.5%
2 + 2Liechtenstein
68.7%
2 + 2Montenegro
63.4%
2 + 2Vatican City
62.7%

You're not logged in!

Compare scores with friends on all Sporcle quizzes.
Join for Free
OR
Log In

You Might Also Like...

Show Comments

Extras

Top Quizzes Today


Score Distribution

Your Account Isn't Verified!

In order to create a playlist on Sporcle, you need to verify the email address you used during registration. Go to your Sporcle Settings to finish the process.

Report this User

Report this user for behavior that violates our Community Guidelines.

Details: